Statistiken für Flaggen der Regionen Frankreichs

Klicken Sie hier um das Quiz zu spielen!

Allgemein

  • Dieses Quiz wurde 48 mal gespielt
  • Das Durchschnittsergebnis liegt bei 12 aus 27

Antwortstatistiken

Antwort% Korrekt
Basse Normandie
83%
Haute Normandie
83%
Bretagne
80%
Mayotte
78%
Korsika - Corsica - Corse
75%
Ile de France
68%
Guadeloupe
63%
Réunion
63%
Elsass - Alsace
60%
Französisch Guayana - Guyane Francaise
58%
Lothringen - Lorraine
53%
Burgund - Bourgogne
45%
Martinique
45%
Rhône-Alpes
43%
Aquitanien - Aquitaine
40%
Pays de la Loire
40%
Centre - Val de Loire
38%
Auvergne
33%
Midi - Pyrénées
25%
Provences-Alpes-Côte d'Azur
25%
Champagne - Ardenne
23%
Nord-Pas-de-Callais
23%
Languedoc - Roussillon
15%
Piccardie
13%
Franche Comté
10%
Limousin
10%
Poitou-Charentes
8%

Verteilung der Resultate

Perzentil nach korrekt beantworteten Fragen

Anzahl Personen mit jedem Resultat

Ihre Resultats-Entwicklung

Sie haben dieses Quiz noch nicht gespielt